| 000 | 00826nas a2200265 4500 | ||
|---|---|---|---|
| 001 | BR0505421 | ||
| 003 | BR-BrBNA | ||
| 005 | 20231205105723.0 | ||
| 007 | ta | ||
| 008 | 230509b bl.|||p| |||| 00| 00por d | ||
| 040 |
_aBR-BrBNA _bpor _cBiblioteca Nacional de Agricultura |
||
| 041 | _a(Pt) | ||
| 072 | _aQ02; Q04 | ||
| 100 | 1 | _aLima, V.L.A.G. de | |
| 100 | 1 | _aMélo, E. de A. | |
| 100 | 1 | _aLima, D.E. da S. | |
| 245 | 1 |
_aTeor de compostos fenólicos totais em chás brasileiros _bNota prévia |
|
| 650 | _aCHÁ | ||
| 650 | _aCOMPOSTO FENÓLICO | ||
| 650 | _aANÁLISE QUANTITATIVA | ||
| 650 | _aTECNOLOGIA DE ALIMENTO | ||
| 773 | 0 |
_tBrazilian Journal of Food Technology (Brazil) _xISSN 1519-0900 _g(Jul-Dec 2004), v. 7(2) p. 187-190 _wBR0505421 |
|
| 909 |
_a202311 _bLúcia _c55 _dLúcia Elande |
||
| 942 |
_2AGRIS _n0 _cANA |
||
| 999 |
_c184338 _d184338 |
||